LDR 00984naa#a2200205#i#450# 001 RU\\bibl\117828 005 20260511200528.1 011 ## _a2500-4026 100 ## _a20240930b2024####ek#y0rusy0150####ca 101 0# _aRUS 102 ## _aRU 200 1# _aСОВРЕМЕННЫЕ ТЕНДЕНЦИИ ИЗМЕНЕНИЯ ПОВТОРЯЕМОСТИ ГРОЗ НАД СИБИРЬЮ И СМЕЩЕНИЕ СЕВЕРНОГО МАГНИТНОГО ПОЛЮСА _eЖурнальная статья 210 1# _aЖелезногорск _cФГБОУ ВО Сибирская пожарно-спасательная академия ГПС МЧС России _d2024 215 ## _a8 с. 608 ## _aЖурнальная статья _2local 675 ## _aЛесное хозяйство. Лесоводство. 630 _aОрганизация и управление. 502.45 _zRUS 700 #1 _aХолопцев _gА В 700 #1 _aПроскова _gН Ю 700 #1 _aШубкин _gР Г 856 4# _aapbt-sibpsa.editorum.ru _u